[Event "Amber 2007 Blindfold"]
[Site "Monte Carlo MNC"]
[Date "2007.03.24"]
[Round "7"]
[White "Aronian, L."]
[Black "Morozevich, A."]
[Result "0-1"]
[WhiteElo "2744"]
[BlackElo "2741"]
[PlyCount "152"]
[EventDate "2007.03.17"]
[Source "www.chesslib.no"]
[SourceDate "2004.05.04"]

1. d4 Nf6 2. c4 g6 3. Nc3 Bg7 4. Nf3 d6 5. g3 O-O 6. Bg2 c5 7. O-O Nc6 8. dxc5 dxc5 9. Be3 Ng4 10. Qxd8 Rxd8 11. Bxc5 Be6 12. Nd5 Bxd5 13. cxd5 Rxd5 14. Ba3 Rad8 15. Rac1 e6 16. Rc4 Nf6 17. Bc5 Nd7 18. Be3 Nb6 19. Rc2 Rd1 20. Bd2 Rxf1+ 21. Kxf1 h6 22. e3 Nd5 23. a3 f5 24. b4 Kf7 25. b5 Nce7 26. Ne1 Rc8 27. e4 Rxc2 28. Nxc2 fxe4 29. Bxe4 b6 30. Nb4 Nxb4 31. Bxb4 Nf5 32. a4 Bf8 33. Bd2 Nd6 34. Bd3 Nb7 35. Ke2 Nc5 36. Bc2 h5 37. Bf4 Nd7 38. f3 Bg7 39. Be3 Be5 40. Kf2 Nf6 41. Ke2 Nd5 42. Bg5 Bf6 43. Bc1 h4 44. f4 hxg3 45. hxg3 Bd4 46. Kf3 Kf6 47. g4 Ba1 48. Ba3 Ne7 49. Bd6 Nc8 50. Bc7 Bc3 51. Bd8+ Kf7 52. Bb3 Bb4 53. Bh4 Nd6 54. Bf2 Bc3 55. Be3 Kf6 56. Ke2 e5 57. g5+ Kf5 58. fxe5 Kxe5 59. Kf3 Nf5 60. Bf4+ Kd4 61. Be6 Kc5 62. Ke4 Ne7 63. Bb8 Bd2 64. Ke5 Bc3+ 65. Kf4 Bd2+ 66. Kg4 Be3 67. Bxa7 Kb4 68. Bb8 Kxa4 69. Bd7 Kb4 70. Bd6+ Bc5 71. Be5 Kc4 72. Kf3 Kd5 73. Be8 Kxe5 74. Bd7 Bb4 75. Be8 Bd2 76. Kg4 Ke6 0-1

[Event "IX Foxwoods Open"]
[Site "Mashantucket USA"]
[Date "2007.04.06"]
[Round "4"]
[White "Izoria, Zviad"]
[Black "Stripunsky, Alexander"]
[Result "1/2-1/2"]
[WhiteElo "2722"]
[BlackElo "2638"]
[PlyCount "22"]
[EventDate "2007.04.04"]
[Source "www.chesslib.no"]
[SourceDate "2004.05.04"]

1. c4 g6 2. Nc3 Bg7 3. Nf3 Nf6 4. g3 O-O 5. Bg2 c5 6. O-O Nc6 7. d4 d6 8. dxc5 dxc5 9. Be3 Be6 10. Ng5 Qxd1 11. Rfxd1 Bxc4 1/2-1/2

[Event "Memorial A.Alekhine Open"]
[Site "?"]
[Date "1996.??.??"]
[Round "5"]
[White "Anand Viswanathan"]
[Black "Ljubojevic Ljubomir"]
[Result "1/2-1/2"]
[WhiteElo "2725"]
[BlackElo "2600"]
[PlyCount "42"]
[EventDate "1996.??.??"]
[Source "www.chesslib.no"]
[SourceDate "2004.05.04"]

1. Nf3 Nf6 2. c4 g6 3. g3 Bg7 4. Bg2 O-O 5. O-O c5 6. d4 cxd4 7. Nxd4 d6 8. Nc3 Nbd7 9. b3 Nc5 10. Bb2 a5 11. Rb1 Rb8 12. Ba1 Bd7 13. h3 Ne8 14. Ndb5 Bc6 15. e4 Nf6 16. Qe2 Ra8 17. Rfd1 Qc8 18. Nd4 Bd7 19. Kh2 Re8 20. Rbc1 Rb8 21. Bb2 b6 1/2-1/2

[Event "Manila (ol)"]
[Site "?"]
[Date "1992.??.??"]
[Round "?"]
[White "Kasparov, Garry"]
[Black "Cebalo, M."]
[Result "1-0"]
[WhiteElo "2780"]
[BlackElo "2515"]
[PlyCount "77"]
[EventDate "1992.??.??"]
[Source "ChessBase"]
[SourceDate "1992.06.01"]

1. Nf3 Nf6 2. c4 g6 3. g3 c5 4. Bg2 Bg7 5. d4 O-O 6. O-O Na6 7. Nc3 d6 8. b3 Bg4 9. Bb2 Qd7 10. Re1 Rab8 11. Qd2 Bxf3 12. exf3 Rfe8 13. f4 cxd4 14. Qxd4 Nc5 15. Rad1 b6 16. Nd5 Ne6 17. Qd2 Nxd5 18. cxd5 Nc5 19. Bxg7 Kxg7 20. b4 Na4 21. Qd4+ Kg8 22. Rc1 a5 23. a3 axb4 24. axb4 b5 25. Rc6 Rb7 26. f5 Qxf5 27. Rxd6 Reb8 28. Rc6 Rd8 29. h4 Qd7 30. h5 Qe8 31. Bh3 Qf8 32. Kg2 Qg7 33. Re5 e6 34. Qe3 Nb2 35. h6 Qf6 36. dxe6 Nd1 37. exf7+ Qxf7 38. Qe2 Kf8 39. Qxd1 1-0

[Event "Silivri 88/466"]
[Site "?"]
[Date "2003.??.??"]
[Round "?"]
[White "Ivanchuk, V."]
[Black "Minasian, Art"]
[Result "1-0"]
[WhiteElo "2704"]
[BlackElo "2555"]
[PlyCount "129"]
[EventDate "2003.??.??"]
[Source "Chess Informant"]
[SourceDate "2003.06.01"]

1. d4 Nf6 2. c4 c5 3. Nf3 g6 4. g3 Bg7 5. Bg2 O-O 6. Nc3 d6 7. O-O Na6 8. Re1 Bd7 9. b3 Qc8 10. Bg5 Re8 11. Rc1 Bh3 12. Bh1 h6 13. Bd2 e5 14. Nb5 Ne4 15. dxe5 dxe5 16. Be3 Rd8 17. Qc2 Bf5 18. Qb2 Nb4 19. a3 Nxf2 20. Bxf2 e4 21. Ne5 Qb8 22. axb4 Bxe5 23. Qa3 e3 24. bxc5 exf2+ 25. Kxf2 Rd2 26. Rcd1 Qd8 27. Rxd2 Qxd2 28. Qc1 Qb4 29. Qe3 Bf6 30. Bxb7 Rf8 31. c6 a6 32. Nc7 Bg5 33. Qd4 Qxb3 34. Ra1 Bc8 35. Bxc8 Rxc8 36. Rxa6 Qb1 37. Ra8 Qf5+ 38. Kg2 Rxa8 39. Nxa8 Qc8 40. Nb6 Qxc6+ 41. e4 Bf6 42. Nd5 Bxd4 43. Ne7+ Kf8 44. Nxc6 Bc5 45. Kf3 Ke8 46. Ne5 Bd4 47. Nd3 f6 48. g4 Ke7 49. h4 g5 50. h5 Kd6 51. Ke2 Kc6 52. Nb4+ Kd6 53. Nd5 Ke5 54. Kf3 Bc5 55. Ne3 Bf8 56. Nf5 Ke6 57. Ke2 Ke5 58. Ke3 Bc5+ 59. Kd3 Bf8 60. c5 Bxc5 61. Nxh6 Ke6 62. Nf5 Kf7 63. Kc4 Ba3 64. Kd5 Bf8 65. Nd6+ 1-0

[Event "5th IECC Playoff Bronze"]
[Site "Antalya"]
[Date "2004.05.30"]
[Round "4"]
[White "Aronian, Levon"]
[Black "Miroshnichenko, Evgenij"]
[Result "1-0"]
[WhiteElo "2645"]
[BlackElo "2599"]
[PlyCount "81"]
[EventDate "2004.05.30"]
[Source "Roberto Alvarez"]
[SourceDate "2004.05.31"]

1. d4 Nf6 2. Nf3 g6 3. c4 Bg7 4. Nc3 O-O 5. g3 c5 6. Bg2 cxd4 7. Nxd4 d6 8. O-O Nbd7 9. b3 Nc5 10. Bb2 Bd7 11. Qd2 a5 12. Rfd1 Qc8 13. Rac1 Bh3 14. Qe3 Bxg2 15. Kxg2 Re8 16. Qf3 Nfd7 17. e3 Ne5 18. Qe2 Nc6 19. Nd5 Qd8 20. Nb5 Ne6 21. Bxg7 Kxg7 22. Qb2+ f6 23. c5 Nxc5 24. Nbc7 Rc8 25. Rxc5 Rxc7 26. Nxc7 Qxc7 27. Rcc1 Qb6 28. Qe2 h5 29. Rd5 a4 30. bxa4 Ra8 31. Rb5 Qa6 32. Qb2 Ra7 33. Qb3 Kf8 34. Rc4 Ra8 35. Qb1 Ne5 36. Rc7 Qxa4 37. Rbxb7 Re8 38. Rb8 Rxb8 39. Qxb8+ Kf7 40. Qb3+ Qxb3 41. axb3 1-0

[Event "Torshavn"]
[Site "?"]
[Date "2000.??.??"]
[Round "?"]
[White "Baburin, A."]
[Black "Ponomariov, R."]
[Result "1/2-1/2"]
[WhiteElo "2590"]
[BlackElo "2630"]
[PlyCount "59"]
[EventDate "2000.??.??"]
[Source "Chess Informant"]
[SourceDate "2000.10.01"]

1. d4 Nf6 2. Nf3 g6 3. g3 Bg7 4. Bg2 O-O 5. O-O d6 6. c4 c5 7. dxc5 dxc5 8. Nc3 Nc6 9. Be3 Be6 10. Qa4 Nd4 11. Rad1 Bd7 12. Qa3 Nc2 13. Qxc5 b6 14. Qg5 h6 15. Qh4 Nxe3 16. fxe3 Qc7 17. Qf4 Rac8 18. Qxc7 Rxc7 19. b3 a6 20. a4 e6 21. Rd3 Bc8 22. Ne5 Nd5 23. cxd5 Bxe5 24. Ne4 exd5 25. Rxd5 Re8 26. Nd6 Bxd6 27. Rxd6 Rxe3 28. Bd5 Kg7 29. Rxb6 Rxe2 30. Rbf6 1/2-1/2

[Event "Thessaloniki ol (Men)"]
[Site "Thessaloniki GRE"]
[Date "1988.??.??"]
[Round "10"]
[White "Ljubojevic, Ljubomir"]
[Black "Andersson, Ulf"]
[Result "1/2-1/2"]
[WhiteElo "2610"]
[BlackElo "2605"]
[PlyCount "60"]
[EventDate "1988.11.??"]
[Source "www.chesslib.no"]
[SourceDate "2004.05.04"]

1. c4 c5 2. Nf3 Nc6 3. Nc3 Nf6 4. g3 g6 5. Bg2 Bg7 6. O-O O-O 7. e3 d6 8. d4 Bd7 9. Qe2 Bg4 10. dxc5 dxc5 11. h3 Bd7 12. Rd1 Qc8 13. Kh2 Rd8 14. Bd2 Be8 15. Be1 e6 16. Ng5 Qc7 17. Nge4 Qe7 18. Nxf6+ Qxf6 19. Ne4 Qe7 20. Bc3 Rxd1 21. Rxd1 Rd8 22. Rxd8 Nxd8 23. Qd2 b6 24. Bxg7 Kxg7 25. Nd6 Bc6 26. Nc8 Qc7 27. Nxa7 Qxa7 28. Qxd8 Bxg2 29. Kxg2 Qxa2 30. Qxb6 Qxc4 1/2-1/2

[Event "Las Palmas"]
[Site "Las Palmas"]
[Date "1973.??.??"]
[Round "10"]
[White "Panno, Oscar"]
[Black "Petrosian, Tigran V"]
[Result "1/2-1/2"]
[WhiteElo "2570"]
[BlackElo "2645"]
[PlyCount "45"]
[EventDate "1973.??.??"]
[Source "ChessBase"]

1. Nf3 Nf6 2. c4 g6 3. g3 Bg7 4. Bg2 O-O 5. O-O d6 6. Nc3 c5 7. d4 Nc6 8. e3 Bf5 9. b3 Ne4 10. Bb2 Nxc3 11. Bxc3 Be4 12. Rc1 cxd4 13. Nxd4 Bxg2 14. Kxg2 Qd7 15. Ne2 Ne5 16. e4 Rfd8 17. f4 Ng4 18. Qd3 Nf6 19. Bd4 Qc6 20. Bxf6 Bxf6 21. Rfd1 b6 22. Nd4 Qb7 23. Nf3 1/2-1/2

[Event "4th IECC"]
[Site "Istanbul"]
[Date "2003.06.08"]
[Round "9"]
[White "Belov, Vladimir"]
[Black "Smirin, Ilia"]
[Result "1/2-1/2"]
[WhiteElo "2549"]
[BlackElo "2662"]
[PlyCount "76"]
[EventDate "2003.05.30"]
[Source "Roberto Alvarez"]
[SourceDate "2003.06.23"]

1. Nf3 Nf6 2. c4 c5 3. Nc3 Nc6 4. g3 g6 5. Bg2 Bg7 6. O-O O-O 7. d4 d6 8. dxc5 dxc5 9. Bf4 Be6 10. Ne5 Na5 11. Nd3 Nh5 12. Nxc5 Nxf4 13. gxf4 Bxc4 14. Qa4 Qc7 15. Nb3 Bxc3 16. bxc3 Nxb3 17. axb3 Bxe2 18. Rfe1 Bg4 19. Qb4 e6 20. Re5 Rfd8 21. h3 Bf5 22. Rb5 Rd3 23. Rxb7 Qxc3 24. Raxa7 Qxb4 25. Rxa8+ Qf8 26. Rxf8+ Kxf8 27. Kh2 h5 28. h4 Rd4 29. Kg3 e5 30. Rb8+ Kg7 31. fxe5 Rg4+ 32. Kh2 Rxh4+ 33. Kg3 Rg4+ 34. Kh2 Rf4 35. Kg1 h4 36. b4 Be4 37. Bxe4 Rxe4 38. Rb5 g5 1/2-1/2

[Event "Moscow Aeroflot op"]
[Site "Moscow"]
[Date "2002.02.10"]
[Round "9"]
[White "Prokopchuk, Evgeny"]
[Black "Smirin, Ilia"]
[Result "0-1"]
[WhiteElo "2508"]
[BlackElo "2702"]
[PlyCount "39"]
[EventDate "2002.02.04"]
[Source "ChessBase"]
[SourceDate "2002.03.21"]

1. d4 Nf6 2. Nf3 g6 3. c4 Bg7 4. Nc3 O-O 5. g3 c5 6. Bg2 d6 7. O-O Nc6 8. dxc5 dxc5 9. Bf4 Be6 10. Qa4 Nh5 11. Be3 Nd4 12. Ng5 Bd7 13. Qd1 e6 14. Nge4 Qb6 15. g4 Nf6 16. Nxf6+ Bxf6 17. Bh6 Qxb2 18. Bxf8 Qxc3 19. Bxc5 Qxa1 20. Qd2 0-1

[Event "Las Vegas NV"]
[Site "?"]
[Date "1998.03.29"]
[Round "5"]
[White "Pigusov Evgeny"]
[Black "Gufeld Eduard"]
[Result "1-0"]
[WhiteElo "2649"]
[BlackElo "2548"]
[PlyCount "53"]
[EventDate "1998.??.??"]
[Source "www.chesslib.no"]
[SourceDate "2004.05.04"]

1. Nf3 d6 2. d4 Nf6 3. c4 g6 4. Nc3 Bg7 5. g3 O-O 6. Bg2 c5 7. O-O Nc6 8. dxc5 dxc5 9. Bf4 Be6 10. Ne5 Na5 11. Qa4 Nh5 12. Rad1 Qb6 13. Nd5 Bxd5 14. Rxd5 Nxf4 15. gxf4 Rfd8 16. b4 Nc6 17. Nxc6 bxc6 18. Rxc5 Rac8 19. e3 e6 20. Ra5 c5 21. b5 Rd7 22. Ra6 Qc7 23. Rc6 Qd8 24. Qa6 Rdc7 25. Qa5 Qe7 26. Rxc7 Rxc7 27. Bc6 1-0

[Event "Manresa"]
[Site "?"]
[Date "1995.??.??"]
[Round "?"]
[White "Epishin, V."]
[Black "Spraggett, K."]
[Result "1-0"]
[WhiteElo "2635"]
[BlackElo "2520"]
[PlyCount "72"]
[EventDate "1995.??.??"]
[Source "ChessBase"]
[SourceDate "1995.06.01"]

1. d4 Nf6 2. c4 g6 3. g3 Bg7 4. Bg2 O-O 5. Nc3 d6 6. Nf3 c5 7. O-O Nc6 8. dxc5 dxc5 9. Be3 Qa5 10. Qb3 Ng4 11. Bf4 e5 12. Bd2 f5 13. e4 Nf6 14. Rfe1 Qd8 15. Rad1 fxe4 16. Nxe4 Nxe4 17. Rxe4 Qf6 18. Bg5 Qf5 19. Qe3 Be6 20. g4 Qf7 21. Bh4 h6 22. b3 b6 23. h3 Rae8 24. Bg3 Bc8 25. Rd6 Bb7 26. Nh4 Re6 27. Rxe6 Qxe6 28. Nf3 Re8 29. Nd2 Nd4 30. Kh2 Kh7 31. Qd3 Qf7 32. Re3 Bxg2 33. Kxg2 Re6 34. Qe4 Kg8 35. Nf3 Nxf3 36. Rxf3 Qd7 1-0

[Event "Campionato europeo 2007"]
[Site "Dresda GER"]
[Date "2007.04.09"]
[Round "7"]
[White "Romanishin, Oleg"]
[Black "Fedorov, Alexei"]
[Result "1/2-1/2"]
[WhiteElo "2542"]
[BlackElo "2611"]
[PlyCount "52"]
[EventDate "2007.04.03"]
[Source "www.chesslib.no"]
[SourceDate "2004.05.04"]

1. d4 Nf6 2. Nf3 g6 3. g3 Bg7 4. Bg2 O-O 5. c4 c5 6. O-O Nc6 7. Nc3 d6 8. dxc5 dxc5 9. Be3 Be6 10. Rc1 Qa5 11. Qa4 Qxa4 12. Nxa4 b6 13. Ng5 Bd7 14. Rfd1 Rac8 15. Nc3 Rfd8 16. b3 h6 17. Nf3 Ng4 18. Bd2 Kh7 19. Be1 Nb4 20. h3 Ne5 21. Nxe5 Bxe5 22. Nd5 Nc6 23. Bc3 Bg7 24. Rd2 Be8 25. Bxg7 Ra8 26. Bf1 Nb8 1/2-1/2

[Event "Mondariz zt 1.1 playoff Gp-A"]
[Site "Mondariz"]
[Date "2000.09.15"]
[Round "1"]
[White "Dorfman, Josif D"]
[Black "Reinderman, Dimitri"]
[Result "1/2-1/2"]
[WhiteElo "2600"]
[BlackElo "2551"]
[PlyCount "43"]
[EventDate "2000.09.15"]
[Source "www.chesslib.no"]
[SourceDate "2004.05.04"]

1. d4 Nf6 2. c4 g6 3. g3 c5 4. Nf3 cxd4 5. Nxd4 Bg7 6. Bg2 O-O 7. Nc3 Nc6 8. O-O d6 9. Nxc6 bxc6 10. Bxc6 Rb8 11. Bg2 Qa5 12. Nb5 Bb7 13. Bxb7 Rxb7 14. Bd2 Qa6 15. Bc3 Rc8 16. b3 d5 17. Bxf6 Bxf6 18. Qd2 d4 19. Qxd4 Rbb8 20. Qd5 Bxa1 21. Rxa1 Qb7 22. Qe5 1/2-1/2

[Event "SUI-GP Wohlen"]
[Site "Wohlen"]
[Date "1993.??.??"]
[Round "9"]
[White "Gavrikov, Viktor N"]
[Black "Cvitan, Ognjen"]
[Result "1/2-1/2"]
[WhiteElo "2575"]
[BlackElo "2575"]
[PlyCount "22"]
[EventDate "1993.??.??"]
[Source "www.chesslib.no"]
[SourceDate "2004.05.04"]

1. Nf3 Nf6 2. c4 g6 3. g3 Bg7 4. Bg2 O-O 5. d4 d6 6. O-O c5 7. Nc3 Qa5 8. Qd2 Nbd7 9. Nd5 Qd8 10. Nxf6+ Nxf6 11. Rd1 d5 1/2-1/2

[Event "57th ch-RUS Qualifier"]
[Site "Tomsk"]
[Date "2004.05.27"]
[Round "5"]
[White "Bocharov, Dmitry"]
[Black "Kornev, Alexei"]
[Result "1-0"]
[WhiteElo "2567"]
[BlackElo "2582"]
[PlyCount "77"]
[EventDate "2004.05.23"]
[Source "Roberto Alvarez"]
[SourceDate "2004.05.31"]

1. d4 Nf6 2. Nf3 g6 3. c4 Bg7 4. g3 O-O 5. Bg2 d6 6. O-O c5 7. Nc3 Nc6 8. dxc5 dxc5 9. Bf4 Be6 10. Ne5 Na5 11. Qa4 Nd7 12. Nxd7 Bxd7 13. Qc2 Bf5 14. Qc1 Qd4 15. Bd5 Qf6 16. Bg5 Qd6 17. Rd1 Qc7 18. Bg2 Nc6 19. Nd5 Qe5 20. Rd2 Be4 21. Bf4 Qf5 22. Ne3 Qe6 23. f3 Bf5 24. g4 Bd4 25. Rxd4 Nxd4 26. gxf5 gxf5 27. Kf2 Kh8 28. Qc3 Rg8 29. Bh3 Rg7 30. Qd3 Rag8 31. Bg3 Qh6 32. Nxf5 Qxh3 33. Nxg7 Rxg7 34. Rg1 Qe6 35. b4 Rg8 36. bxc5 Nc6 37. Qd5 Qf6 38. Rd1 Rg5 39. Bh4 1-0

[Event "ch-SRB"]
[Site "Mataruska Banja SRB"]
[Date "2008.03.25"]
[Round "10"]
[White "Bogosavljevic, B."]
[Black "Ivanisevic, I."]
[Result "1/2-1/2"]
[WhiteElo "2492"]
[BlackElo "2649"]
[PlyCount "107"]
[EventDate "2008.03.15"]
[Source "www.chesslib.no"]
[SourceDate "2004.05.04"]

1. Nf3 Nf6 2. g3 g6 3. Bg2 Bg7 4. O-O c5 5. c4 O-O 6. d4 Nc6 7. Nc3 d6 8. dxc5 dxc5 9. Be3 Qa5 10. Nd5 Be6 11. Nd2 Ng4 12. Bg5 Bxb2 13. Rb1 Bf6 14. Bxf6 Nxf6 15. Rxb7 Rad8 16. Nb3 Qxa2 17. Rc7 Ne5 18. Rxe7 Nfd7 19. e4 Kh8 20. f4 Nc6 21. Rxd7 Bxd7 22. Qd3 Qb2 23. Rb1 Qg7 24. Nxc5 Qd4+ 25. Qxd4+ Nxd4 26. Rb7 Bc6 27. Rxa7 Ra8 28. Ra6 Rfb8 29. Rxa8 Rxa8 30. Nb4 Be8 31. Kf2 Ra3 32. e5 Kg7 33. Ncd3 Ba4 34. Bd5 Nc2 35. Ke2 Nxb4 36. Nxb4 Rb3 37. Nd3 Rc3 38. Nc5 Be8 39. Ne4 Ra3 40. Nd6 Kf8 41. g4 Rh3 42. f5 h5 43. gxh5 Rxh5 44. c5 Rxh2+ 45. Kd3 Rh3+ 46. Kd4 Rh4+ 47. Ke3 Rh3+ 48. Kd4 Rh4+ 49. Kc3 Rh3+ 50. Kb4 gxf5 51. c6 Bxc6 52. Bxc6 f4 53. Kc4 f3 54. Kd3 1/2-1/2

[Event "Cup"]
[Site "Paris Cup"]
[Date "1994.??.??"]
[Round "?"]
[White "Andersson, Ulf"]
[Black "Kosten, Anthony C"]
[Result "1/2-1/2"]
[WhiteElo "2620"]
[BlackElo "2515"]
[PlyCount "158"]
[EventDate "1994.??.??"]
[Source "www.chesslib.no"]
[SourceDate "2004.05.04"]

1. Nf3 c5 2. c4 Nf6 3. g3 g6 4. Bg2 Bg7 5. O-O O-O 6. d4 d6 7. Nc3 Nc6 8. dxc5 dxc5 9. Bf4 Nh5 10. Bd2 Be6 11. b3 Qd7 12. Rc1 Bh3 13. Be3 Qxd1 14. Rfxd1 Bxg2 15. Kxg2 b6 16. g4 Nf6 17. g5 Nh5 18. Nd5 Rfd8 19. Ne1 e6 20. Nc7 Rxd1 21. Rxd1 Rd8 22. Rxd8+ Nxd8 23. Nd3 Nc6 24. Nb5 Bf8 25. Bd2 h6 26. h4 Be7 27. f4 hxg5 28. hxg5 f6 29. gxf6 Bxf6 30. Kf3 Kf7 31. Kg4 Ng7 32. Nd6+ Ke7 33. Ne4 Ne8 34. Be1 Bg7 35. Bh4+ Kd7 36. Kg5 Ne7 37. Bg3 Bd4 38. Bf2 Bg7 39. Ne5+ Bxe5 40. fxe5 Nc6 41. Bg3 Ng7 42. Kxg6 Nf5 43. Bf4 Nfe7+ 44. Kg7 Nf5+ 45. Kf7 Nd8+ 46. Kf8 Nd4 47. e3 N4c6 48. Nf6+ Kc7 49. Ke8 Nb4 50. a3 Nbc6 51. Bg5 Nb7 52. Ne4 Nba5 53. Kf7 Nxe5+ 54. Kxe6 Nf3 55. Kd5 Nxb3 56. Bf4+ Kd7 57. Nf6+ Ke7 58. Ng4 Nfd2 59. Bd6+ Ke8 60. e4 Nb1 61. Nf6+ Kf7 62. e5 Nc3+ 63. Kc6 Ke6 64. Kb7 Na5+ 65. Kxa7 Nxc4 66. Kb7 Na4 67. Ne4 Nxe5 68. Bxe5 Kxe5 69. Nd2 Kd4 70. Kc6 Kc3 71. Nf3 Kb2 72. Kb5 Kxa3 73. Nd2 Nb2 74. Kxb6 Kb4 75. Kc6 Nc4 76. Ne4 Na5+ 77. Kd5 c4 78. Kd4 Nb3+ 79. Ke3 Nc5 1/2-1/2

[Event "Berliner Sommer"]
[Site "Berlin"]
[Date "1996.??.??"]
[Round "4"]
[White "Akopian, Vladimir"]
[Black "Enders, Peter"]
[Result "1-0"]
[WhiteElo "2630"]
[BlackElo "2500"]
[PlyCount "51"]
[EventDate "1996.08.??"]
[Source "ChessBase"]

1. Nf3 Nf6 2. g3 g6 3. Bg2 Bg7 4. O-O O-O 5. d4 c5 6. c4 Nc6 7. Nc3 d6 8. dxc5 dxc5 9. Be3 Qa5 10. Qb3 Rd8 11. Rad1 Rxd1 12. Rxd1 Qb4 13. Na4 Qxb3 14. axb3 Nd7 15. Rd2 a5 16. h4 Rb8 17. Nxc5 Nxc5 18. Bxc5 b6 19. Be3 Bf5 20. h5 Bb1 21. h6 Bf8 22. Rd7 Nb4 23. Nd4 e6 24. Nf3 Na6 25. Ne5 Nc5 26. Rxf7 1-0

[Event "Tilburg"]
[Site "Tilburg"]
[Date "1982.??.??"]
[Round "?"]
[White "Browne, Walter S"]
[Black "Torre, Eugenio"]
[Result "1/2-1/2"]
[WhiteElo "2590"]
[BlackElo "2535"]
[PlyCount "45"]
[EventDate "1982.09.??"]
[Source "ChessBase"]

1. d4 Nf6 2. c4 g6 3. Nc3 Bg7 4. Nf3 O-O 5. g3 d6 6. Bg2 c5 7. O-O Nc6 8. dxc5 dxc5 9. Bf4 Bd7 10. Ne5 Nxe5 11. Bxe5 Qc8 12. Rc1 Rd8 13. Qb3 Bc6 14. Nd5 Nxd5 15. cxd5 Bxe5 16. dxc6 bxc6 17. Rxc5 Rb8 18. Qc4 Bxb2 19. Rxc6 Qf5 20. Rc7 Rbc8 21. Be4 Rxc7 22. Qxc7 Qd7 23. Qxd7 1/2-1/2

[Event "URS-JUG"]
[Site "Tbilisi"]
[Date "1973.??.??"]
[Round "1"]
[White "Geller, Efim P"]
[Black "Ivkov, Borislav"]
[Result "1/2-1/2"]
[WhiteElo "2605"]
[BlackElo "2520"]
[PlyCount "37"]
[EventDate "1973.??.??"]
[Source "ChessBase"]

1. Nf3 Nf6 2. c4 c5 3. Nc3 Nc6 4. g3 g6 5. Bg2 Bg7 6. O-O O-O 7. d4 d6 8. dxc5 dxc5 9. Bf4 Nh5 10. Bd2 Be6 11. b3 Qc8 12. Qc1 Bh3 13. Bh6 Bxg2 14. Kxg2 Rd8 15. Bxg7 Kxg7 16. Qe3 b6 17. Rad1 Qb7 18. Kg1 Nf6 19. Qg5 1/2-1/2

[Event "Zagreb"]
[Site "Zagreb CRO"]
[Date "1972.??.??"]
[Round "13"]
[White "Stein, Leonid Z"]
[Black "Velimirovic, Dragoljub"]
[Result "1/2-1/2"]
[WhiteElo "2620"]
[BlackElo "2500"]
[PlyCount "23"]
[EventDate "1972.??.??"]
[Source "www.chesslib.no"]
[SourceDate "2004.05.04"]

1. c4 c5 2. Nf3 Nc6 3. Nc3 g6 4. g3 Bg7 5. Bg2 Nf6 6. O-O O-O 7. d4 d6 8. dxc5 dxc5 9. Be3 Be6 10. Qxd8 Rfxd8 11. Bxc5 Bxc4 12. Rfd1 1/2-1/2

[Event "EU-ch 2nd"]
[Site "Ohrid"]
[Date "2001.06.04"]
[Round "4"]
[White "Anastasian, Ashot"]
[Black "Jobava, Baadur"]
[Result "1/2-1/2"]
[WhiteElo "2574"]
[BlackElo "2543"]
[PlyCount "66"]
[EventDate "2001.06.01"]
[Source "ChessBase"]
[SourceDate "2001.09.13"]

1. d4 Nf6 2. c4 g6 3. Nc3 Bg7 4. g3 O-O 5. Bg2 c5 6. Nf3 d6 7. O-O Nc6 8. dxc5 dxc5 9. Be3 Qa5 10. Qa4 Qxa4 11. Nxa4 b6 12. Rad1 Ba6 13. Ne1 Rad8 14. Rxd8 Nxd8 15. b3 Ne6 16. Nc2 Ng4 17. Rd1 Nxe3 18. Nxe3 Nd4 19. Kf1 e6 20. Rd2 Rd8 21. Ke1 Kf8 22. Nc2 Ke7 23. e3 Nf5 24. Rxd8 Kxd8 25. Kd2 Nd6 26. Nc3 f5 27. Na3 Bb7 28. Bxb7 Nxb7 29. Nab1 a6 30. Kd3 Kd7 31. Nd2 Kc6 32. e4 b5 33. f4 b4 1/2-1/2

[Event "EU-chT (Men)"]
[Site "Pula"]
[Date "1997.??.??"]
[Round "1"]
[White "Huebner, Robert"]
[Black "Degraeve, Jean Marc"]
[Result "1/2-1/2"]
[WhiteElo "2600"]
[BlackElo "2515"]
[PlyCount "62"]
[EventDate "1997.05.05"]
[Source "ChessBase"]

1. d4 Nf6 2. Nf3 g6 3. g3 Bg7 4. Bg2 c5 5. O-O cxd4 6. Nxd4 Nc6 7. c4 O-O 8. Nc3 d6 9. Nxc6 bxc6 10. Bxc6 Bh3 11. Bxa8 Qxa8 12. f3 Bxf1 13. Kxf1 Rc8 14. Qd3 Qb7 15. Rb1 Qa6 16. b3 d5 17. Nxd5 Nxd5 18. Qxd5 Qxa2 19. Qd3 h6 20. Be3 Kh7 21. c5 Rd8 22. Qxd8 Qxb1+ 23. Kf2 Qh1 24. Qxe7 Qxh2+ 25. Ke1 Qh1+ 26. Kd2 Qa1 27. b4 Qc3+ 28. Kd1 Qa1+ 29. Bc1 Qd4+ 30. Bd2 Qa1+ 31. Bc1 Qd4+ 1/2-1/2

[Event "Monarch Assurance 10th"]
[Site "Port Erin"]
[Date "2001.10.07"]
[Round "9"]
[White "Baburin, Alexander"]
[Black "Lalic, Bogdan"]
[Result "1/2-1/2"]
[WhiteElo "2584"]
[BlackElo "2528"]
[PlyCount "113"]
[EventDate "2001.09.29"]
[Source "ChessBase"]
[SourceDate "2001.10.26"]

1. d4 Nf6 2. c4 g6 3. g3 Bg7 4. Bg2 d6 5. Nf3 O-O 6. O-O c5 7. dxc5 dxc5 8. Nc3 Nc6 9. Be3 Qa5 10. Bd2 Qd8 11. Be3 Qa5 12. Bd2 Qd8 13. Qc1 Be6 14. b3 Qc8 15. Bh6 Bh3 16. Bxg7 Kxg7 17. Nd5 Bxg2 18. Kxg2 Qf5 19. Qb2 e5 20. Rad1 Nd4 21. Nxf6 Qxf6 22. Nd2 Rfe8 23. Ne4 Qc6 24. f3 f5 25. Nc3 f4 26. Nd5 Kg8 27. Rde1 Nf5 28. e4 fxe3 29. Nxe3 Nxe3+ 30. Rxe3 e4 31. f4 Rad8 32. f5 Rd3 33. fxg6 Qxg6 34. Qe2 Rd4 35. Rf4 Qd6 36. Qg4+ Qg6 37. Qe2 Qd6 38. Qg4+ Qg6 39. Kf2 Qxg4 40. Rxg4+ Kf7 41. Rf4+ Kg6 42. g4 a5 43. h4 h6 44. h5+ Kg7 45. Rf5 b6 46. a4 Rd2+ 47. Kg3 Re6 48. Rd5 Rxd5 49. cxd5 Re5 50. d6 Kf6 51. d7 Rd5 52. Rxe4 Rxd7 53. Rf4+ Kg7 54. Rf3 Rd4 55. Kh4 c4 56. bxc4 Rxc4 57. Rb3 1/2-1/2

[Event "Warsaw zt-A"]
[Site "Warsaw"]
[Date "1987.??.??"]
[Round "?"]
[White "Gheorghiu, Florin"]
[Black "Sax, Gyula"]
[Result "1/2-1/2"]
[WhiteElo "2540"]
[BlackElo "2570"]
[PlyCount "25"]
[EventDate "1987.02.??"]
[Source "ChessBase"]

1. Nf3 Nf6 2. c4 c5 3. g3 g6 4. Bg2 Bg7 5. d4 O-O 6. O-O d6 7. Nc3 Nc6 8. dxc5 dxc5 9. Be3 Qa5 10. Nd2 Ng4 11. Nb3 Nxe3 12. Nxa5 Nxd1 13. Nxc6 1/2-1/2

[Event "Open"]
[Site "Bern Open"]
[Date "1995.??.??"]
[Round "4"]
[White "Tukmakov, Vladimir B"]
[Black "Spraggett, Kevin B"]
[Result "1/2-1/2"]
[WhiteElo "2585"]
[BlackElo "2520"]
[PlyCount "43"]
[EventDate "1995.??.??"]
[Source "www.chesslib.no"]
[SourceDate "2004.05.04"]

1. d4 Nf6 2. Nf3 g6 3. c4 Bg7 4. g3 O-O 5. Bg2 d6 6. O-O c5 7. Nc3 Nc6 8. dxc5 dxc5 9. Bf4 Be6 10. Ne5 Na5 11. Qc2 Nh5 12. Rad1 b6 13. Nd5 Bf5 14. Bf3 Rb8 15. Rd3 Bc8 16. Nxf7 Nc6 17. Re1 Bc3 18. Be3 Ra8 19. b3 Na5 20. Qb1 Bf6 21. Nxd8 a6 22. Bxc5 1/2-1/2

[Event "Bern Open"]
[Site "Bern SUI"]
[Date "1995.??.??"]
[Round "4"]
[White "Tukmakov, Vladimir B"]
[Black "Spraggett, Kevin B"]
[Result "1/2-1/2"]
[WhiteElo "2585"]
[BlackElo "2520"]
[PlyCount "43"]
[EventDate "1995.02.??"]
[Source "www.chesslib.no"]
[SourceDate "2004.05.04"]

1. d4 Nf6 2. Nf3 g6 3. c4 Bg7 4. g3 O-O 5. Bg2 d6 6. O-O c5 7. Nc3 Nc6 8. dxc5 dxc5 9. Bf4 Be6 10. Ne5 Na5 11. Qc2 Nh5 12. Rad1 Qe8 13. Nd5 Nxf4 14. gxf4 Rc8 15. Rd2 f6 16. Nf3 Nc6 17. Rfd1 Kh8 18. Kh1 b6 19. b3 Bg4 20. Qb1 e5 21. fxe5 Nxe5 22. Nxe5 1/2-1/2